Zisk bankového sektora značne klesol, vyhliadky sú nejasné

Najnižšia úroveň ziskovosti bánk za prvé tri mesiace za posledných dvadsaťjeden rokov a vyšší prepad ziskovosti v slovenskom bankovom sektore. Ako príčina sa uvádza protiústavná banková daň a zmena úrokových kriviek pod vplyvom korona krízy. Ako jedno z riešení ako zvýšiť svoj príjem je zníženie nák...

ver descrição completa

Na minha lista:
Detalhes bibliográficos
Formato: Capítulo de Livro
Idioma:eslovaco
Assuntos:
Tags: Adicionar Tag
Sem tags, seja o primeiro a adicionar uma tag!

MARC

LEADER 00000naa a2200000 4500
001 0265191
005 20221104110702.2
041 0 |a slo 
044 |a CZ 
245 1 0 |a Zisk bankového sektora značne klesol, vyhliadky sú nejasné 
520 |a Najnižšia úroveň ziskovosti bánk za prvé tri mesiace za posledných dvadsaťjeden rokov a vyšší prepad ziskovosti v slovenskom bankovom sektore. Ako príčina sa uvádza protiústavná banková daň a zmena úrokových kriviek pod vplyvom korona krízy. Ako jedno z riešení ako zvýšiť svoj príjem je zníženie nákladov, čo je veľmi náročné. 
610 2 0 |a sektor finančný 
610 2 0 |a banky 
610 2 0 |a zisk 
610 2 0 |a kríza finančná 
610 2 0 |a odvody 
610 2 0 |a dane bankové